000 00703nam a2200193 4500
001 111312
003 ES-MaACL
005 20230906185300.0
007 t|
008 061121s1969 sp r ||||1| spa d
100 1 _aOliván Baile, Francisco.
_986748
245 1 3 _aLa Casa del Deán y Zaragoza /
_cFrancisco Oliván Baile.
260 _aZaragoza :
_bCaja de Ahorros y Monte de Piedad de Zaragoza, Aragón y Rioja,
_c1969.
300 _a300 p., 2 lám. :
_bil. ;
_c24 cm.
610 2 4 _aCasa del Deán (Zaragoza)
_9172849
651 4 _aZaragoza-
_xEdificios, estructuras, etc.
_9153697
710 2 _aCaja de Ahorros y Monte de Piedad de Zaragoza, Aragón y Rioja.
_92326
852 _aES-MaACL
_jC-41790
999 _c111312
_d111312